| 000 | 00630nab a2200217 a 4500 | ||
|---|---|---|---|
| 005 | 20210219161409.0 | ||
| 008 | 991125s1985 mx 000 0 spa u | ||
| 035 | _aUPN01000184471 | ||
| 100 | 1 | _aLópez Avedoy, Teresa | |
| 222 | _aESTUDIOS SOCIOLOGICOS | ||
| 245 | _aBibliotecas públicas y capacidades sociales para el desarrollo local | ||
| 260 | _aMéxico | ||
| 300 | _a241-281 | ||
| 362 | 0 | _a2011 Vol. 29, no. 85, ene.-abr. | |
| 653 | 0 | _aBIBLIOTECAS PUBLICAS | |
| 653 | 0 | _aDESARROLLO SOCIAL | |
| 653 | 0 | _aSOCIALIZACION | |
| 700 | 1 |
_aOdgers Ortiz, Olga, _ecoaut. |
|
| 700 | 1 | _uodgers@colef.mx | |
| 905 | _aArticulo | ||
| 999 |
_c156574 _d156574 |
||